| 000 | 00485nam a2200157Ia 4500 | ||
|---|---|---|---|
| 008 | 210210b2001 xxu||||| |||| 00| 0 eng d | ||
| 020 | _a81 7156 585 9 | ||
| 082 | _a820.109 CHIF | ||
| 100 | _aCHINDHADE (Shirish). | ||
| 245 | _aFive indian english poets. | ||
| 260 |
_aN D _bAtlantic Publishers And Distributors. _c2001 |
||
| 300 | _a166 | ||
| 650 | _aNissim Ezekiel Ramanujan A K Arun Kolatkar Dilip Chitre Parthasarathy R | ||
| 690 | _aIndian English Criticism | ||
| 906 | _a060473 | ||
| 999 |
_c107382 _d107382 |
||